Paroles - On se connaît, Youssoupha - Statistiques

Statistiques générales
  • Ce quiz a été pris 351 fois
  • Le résultat moyen est 267 sur 412
Statistiques - réponses
Paroles % Correct
on
95%
On
95%
se
95%
pas
93%
y
93%
à
90%
A
90%
a
90%
connait
90%
Connait
90%
La
89%
la
89%
89%
je
86%
Je
86%
le
86%
Le
86%
Youss
86%
de
82%
m'a
82%
ma
82%
me
82%
t'oublier
82%
ce
81%
qui
81%
nous
80%
c'est
79%
C'est
79%
Et
79%
et
79%
Tant
79%
tant
79%
que
78%
ça
77%
est
77%
Jpeux
76%
te
76%
un
76%
Un
76%
d'années
74%
Ne
74%
ne
74%
tout
74%
fait
73%
L'amour
73%
l'amour
73%
Les
73%
les
73%
moi
73%
en
72%
mais
71%
Il
70%
quitte
70%
grand
69%
mes
69%
mon
69%
Mon
69%
parfois
68%
vie
68%
parle
67%
tu
67%
Tu
67%
Dieu
65%
l'histoire
65%
plus
65%
Plus
65%
rue
65%
au
64%
douter
64%
guide
64%
J'ai
64%
seul
64%
tous
64%
car
63%
choix
63%
dit
63%
grandir
63%
remercie
63%
personne
62%
Personne
62%
ressemble
62%
une
62%
appris
61%
quand
61%
rap
61%
vivre
61%
L'école
60%
l'école
60%
Maman
60%
j'en
59%
m'aime
59%
n'est
59%
soi
59%
chante
58%
musique
58%
repart
58%
y'a
58%
donne
57%
lire
57%
pour
57%
dégouté
56%
part
56%
t'inquiètes
56%
tremble
56%
createur
55%
J'assume
55%
obligatoire
55%
écrite
54%
J'aime
54%
lui
54%
fin
53%
des
52%
m'isole
52%
rate
52%
Youssoupha
51%
quittes
50%
rendu
50%
vrai
50%
qu'on
49%
but
48%
blaze
47%
n'ai
47%
vieillir
47%
rien
46%
appelle-moi
45%
jour
45%
du
44%
sais
44%
dans
42%
place
42%
Prouve
42%
prouve
42%
puis
42%
qu'l'argent
42%
yeux
42%
connais
41%
d'idole
41%
luttes
41%
pseudonyme
41%
coeurs
40%
quelques
40%
rester
39%
n'importe
38%
pauvre
38%
plaire
38%
avec
37%
temps
37%
centuple
36%
critique
36%
doutes
36%
embrasse
36%
installé
36%
l'monde
36%
meilleur
36%
monte
36%
pis
36%
sont
36%
sur
36%
j'expose
35%
authentique
34%
briser
34%
haine
34%
magique
34%
paroles
34%
remplace
34%
toute
34%
anonymes
33%
C'était
33%
foules
33%
m'aide
33%
mêmes
33%
rêves
33%
ailleurs
32%
famille
32%
font
32%
manque
32%
pression
32%
promène
32%
s'arrête
32%
ses
32%
stars
32%
tête
32%
t'exultes
32%
chialer
31%
domine
31%
m'envole
31%
prier
31%
réalise
31%
tente
31%
vouloir
31%
bouges
30%
j'éprouve
30%
bruts
29%
décline
29%
Ils
29%
apparences
27%
chantes
27%
encore
27%
retrouves
27%
waterproofs
27%
France
26%
rassemblent
26%
fliqué
25%
vers
25%
bled
24%
t'invite
24%
autre
23%
erreurs
23%
label
23%
l'avenir
23%
mentent
23%
suivre
23%
flipper
22%
m'exiler
22%
commet
21%
l'on
19%
veulent
18%
buttent
14%
attendre
12%
Refrain
0%
Aucun quiz correspondant
Distribution des résultats
% des personnes avec chaque résultat
Percentile par nombre de réponses
Votre historique - résultats
Vous n’avez pas pris ce quiz